000 00680nam a2200229Ia 4500
003 OSt
005 20220923221818.0
006 a|||||r|||| 00| 0
007 ta
008 220922b |||||||| |||| 00| 0 hin d
024 _a200,230
037 _cTextual
040 _aARTS
_cARTS
_bhin
041 _2hin
_ahin
082 _aQ313:52, 152K1
100 _aभीषण
245 0 _aशील की नव बाड़, श्रीचन्द रामपुरिया अनु
246 _aShīl kī nav bāड़, shrīchanda rāmapuriyā anu0
260 _c1961
942 _hQ313:52, 152K1
_cTEXL
_2CC
999 _c351902
_d351902